000 00466nam a2200193Ia 4500
001 17380
003 GE_BSU
008 181216s||||||||xx |||||||||||||| ||und||
020 _a9781405822602
040 _cGE_BSU
080 _a811.111
100 _aClare,Antonia. Wilson,J.J.
245 _aTotal English. Intermediate.Workbook (With key)
260 _c2009
300 _a94 p.
541 _h6Gel.
653 _aTotal English. Intermediate.Workbook
942 _cBK
999 _c50435
_d50435